Valuation of land for affordable housing (Record no. 115792)
[ view plain ]
| 000 -LEADER | |
|---|---|
| fixed length control field | 01729cad a22002895a 4500 |
| 001 - CONTROL NUMBER | |
| control field | L159305 |
| 008 - FIXED-LENGTH DATA ELEMENTS--GENERAL INFORMATION | |
| fixed length control field | 16060 s2016 xxk fo 000 0 eng d |
| 020 ## - INTERNATIONAL STANDARD BOOK NUMBER | |
| International Standard Book Number | 9781783211470 |
| 035 ## - SYSTEM CONTROL NUMBER | |
| System control number | (Sirsi) u159305 |
| 041 0# - LANGUAGE CODE | |
| Language code of text/sound track or separate title | eng |
| 110 2# - MAIN ENTRY--CORPORATE NAME | |
| Corporate name or jurisdiction name as entry element | Royal Institution of Chartered Surveyors |
| 9 (RLIN) | 4900 |
| 245 00 - TITLE STATEMENT | |
| Title | Valuation of land for affordable housing |
| Remainder of title | RICS guidance note |
| Medium | [electronic resource] |
| 250 ## - EDITION STATEMENT | |
| Edition statement | 2 ed |
| 260 ## - PUBLICATION, DISTRIBUTION, ETC. | |
| Place of publication, distribution, etc. | Coventry |
| Name of publisher, distributor, etc. | RICS |
| Date of publication, distribution, etc. | 2016 |
| 490 #0 - SERIES STATEMENT | |
| Series statement | RICS Guidance Note |
| 490 #0 - SERIES STATEMENT | |
| Series statement | RICS Practice Standards UK |
| 520 ## - SUMMARY, ETC. | |
| Summary, etc. | Aims to assist practitioners in the approach to the valuation of affordable housing development land. The focus is on the valuation of land for housing and flats but the principles are broadly adaptable for other types of affordable housing, such as special needs and sheltered housing accommodation. Looks at what is affordable housing, establishing the facts, valuing by the comparison method, valuing by the residual method, establishing the GDV, external subsidies, Section 106 affordable units, internal and cross subsidy, establishing the development costs, affordable housing delivered outside the HCA's regulatory framework, establishing the land value and reporting the valuation and assessing development potential. Effective from 28 April 2016. |
| 520 ## - SUMMARY, ETC. | |
| Summary, etc. | Supersedes 1st ed 9781842195987 |
| 521 ## - TARGET AUDIENCE NOTE | |
| Target audience note | Advanced |
| 590 ## - LOCAL NOTE (RLIN) | |
| Local note | KA |
| 650 24 - SUBJECT ADDED ENTRY--TOPICAL TERM | |
| Topical term or geographic name entry element | Affordable housing |
| 9 (RLIN) | 6215 |
| 651 #4 - SUBJECT ADDED ENTRY--GEOGRAPHIC NAME | |
| Geographic name | England and Wales |
| Chronological subdivision | 1543- |
| 690 ## - LOCAL SUBJECT ADDED ENTRY--TOPICAL TERM (OCLC, RLIN) | |
| Topical term or geographic name as entry element | Valuation |
| 9 (RLIN) | 6273 |
| 690 ## - LOCAL SUBJECT ADDED ENTRY--TOPICAL TERM (OCLC, RLIN) | |
| Topical term or geographic name as entry element | LAND |
| 856 41 - ELECTRONIC LOCATION AND ACCESS | |
| Uniform Resource Identifier | <a href="https://www.rics.org/profession-standards/rics-standards-and-guidance/sector-standards/valuation-standards/valuation-of-land-for-affordable-housing">https://www.rics.org/profession-standards/rics-standards-and-guidance/sector-standards/valuation-standards/valuation-of-land-for-affordable-housing</a> |
| Public note | View this item at www.rics.org |
| 942 ## - ADDED ENTRY ELEMENTS (KOHA) | |
| Suppress in OPAC | 0 |
| Source of classification or shelving scheme | Dewey Decimal Classification |
| Withdrawn status | Lost status | Source of classification or shelving scheme | Damaged status | Not for loan | Home library | Current library | Shelving location | Date acquired | Total Checkouts | Full call number | Barcode | Date last seen | Copy number | Price effective from | Koha item type |
|---|---|---|---|---|---|---|---|---|---|---|---|---|---|---|---|
| Dewey Decimal Classification | Virtual | Virtual | Online | 06/06/2016 | ONLINE PUBLICATION | 159305-2001 | 13/04/2023 | 1 | 06/08/2019 | Online material |